Bytový dom

Guardado en:
Detalles Bibliográficos
Autor principal: Ivashchenko, Karyna (Autor)
Otros Autores: Rabenseifer, Roman (Orientador)
Formato: Manuscrito Libro
Lenguaje:eslovaco
Publicado: 2025
Materias:
Acceso en línea:http://is.stuba.sk/zp/portal_zp.pl?podrobnosti=171257
CRZP
Etiquetas: Agregar Etiqueta
Sin Etiquetas, Sea el primero en etiquetar este registro!

MARC

LEADER 00000ntm a22000003a 4500
001 stuzp104907
003 SK-STU
005 20250724134525.9
007 ta
008 150427s2015----xo-----f-mn---000-0-slo-d
040 |a STU  |b slo 
041 0 |a slo 
100 1 |a Ivashchenko, Karyna  |u 010180  |4 aut  |U SvF Stavebná fakulta  |T SvF Katedra konštrukcií pozemných stavieb  |X 117099  |U V180  |Y 18  |7 117099 
242 0 1 |a Residential Building  |y eng 
245 1 0 |a Bytový dom 
260 |c 2025 
650 4 |a Bytový dom  |2 slo 
650 4 |a Ekonomicky výhodné bývanie  |2 slo 
650 4 |a Veľké panoramatické okná  |2 slo 
650 4 |a Economically efficient housing  |2 eng 
650 4 |a Large-format windows  |2 eng 
650 4 |a Residential Building  |2 eng 
700 1 |a Rabenseifer, Roman  |u 010180  |k Z1  |4 ths  |U SvF Stavebná fakulta  |T SvF Katedra konštrukcií pozemných stavieb  |X 727  |U V180  |Y 18  |7 A000000727 
856 4 |u http://is.stuba.sk/zp/portal_zp.pl?podrobnosti=171257 
856 4 |u https://opac.crzp.sk/?fn=detailBiblioForm&sid=C9A1C75A261DD259FC894D1E26A3  |z CRZP